000 00413nam a2200181Ia 4500
005 20250423100431.0
008 250422s9999 xx 000 0 und d
020 _a0195752333
050 _aPR 9387.9 .R68 .O96/
100 _aRotimi, Ola
245 0 _aOvonramwen Nogbaisi
260 _aIbadan
260 _bUniversity press ltd
260 _c1991
300 _a42 p
650 _aLiterature
942 _cBK
999 _c33290
_d33290